000 00592nam a2200181Ia 4500
003 IN-BaIIA
008 211028s9999 xx 000 0 eng d
020 _a978-81-905872-9-7
040 _cIIA Library
080 _a52(091)
_bABH
100 _aAbhyankar, K. D
_914443
245 0 _aPre-Siddhantic Indian Astronomy (A Reappraisal)
_cK. D Abhyankar
260 _aHyderabad
_bInstitute of Scientific Research on Vedas
_c2007
300 _axx, 252p.
650 _aHindu astronomy
_9898
650 _aHindu astronomy -- History
_936101
942 _cBK
999 _c18882
_d18882